000 01173cam a2200217 4500
001 WB3801-12
008 020110n2002 000 0 eng u
035 _a(Sirsi) u116232
245 _aCABE involvement in historic environment
260 _c2002
490 _aPlanning (for the Natural and Built Environment)
_v4 January 2002, 4(1)
520 _aGovernment is proposing a bigger role for the Commission for Architecture and the Built Environment (CABE), and English Heritage, in heritage policy. For instance, CABE will be asked to offer views on all listing proposals for post-war buildings. Copies of "Historic Environment Review", government's vision for the historic environment, can be obtained free of charge from DCMS Publications. T: +44 (0) 20 7211 6200. Or visit: http://www.culture.gov.uk/heritage/historic_environment_review.html
590 _aWB
650 _aCOMMISSION FOR ARCHITECTURE AND THE BUILT ENVIRONMENT
650 _aLISTED BUILDINGS
650 _aENGLISH HERITAGE
650 _aHISTORIC ENVIRONMENT
650 _aHERITAGE
690 _aBUILT ENVIRONMENT-BUILDING MAINTENANCE AND REFURBISHMENT-BUILDING CONSERVATION
942 _n0
999 _c69251
_d69251